Elment a legismertebb magyar

Bibliographic Details
Main Author: Batta, György, 1943- (Author)
Format: Article
Language:Hungarian
PhysicalDescription:Fotogr.
Subjects:

MARC

LEADER 00000nab a2200000 ar4500
001 vtls008901683
003 SK-MaSNL
005 20260319071404.0
008 061121c20061118xo |||||||| 000 b|hun
015 |a SNBRB2006/11  |2 snkbucl 
038 |a SNKBUCL 
040 |a DSZK  |b slo  |c DSZK  |e AACR2 
041 0 |a hun 
044 |a xo  |c SK 
080 |a 796.332.071  |2 1997 
100 1 |a Batta, György, 1943-  |4 aut  |9 114270 
245 1 0 |a Elment a legismertebb magyar  |c Batta György 
300 |b Fotogr. 
500 |a Celá strana sa zaoberá touto tematikou 
600 1 7 |a Puskás, Ferenc,  |d 1927-2006  |2 snkbucl  |9 852022 
655 7 |a nekrológy  |2 snkbucl  |9 402542 
773 0 |t Új szó  |g Évf. 59, sz. 265 (18.11.2006), o. 21 
852 |a SNK  |b KIS3GCP 
852 |a DSZK  |b KIS3GCP 
958 |a HU 
958 |a BC 
999 |c 1759924  |d 1761854